000 01011nam a22003017a 4500
001 BR2012001474
003 BR-BrBNA
005 20230928103905.0
007 ta
008 230509b bl.||||| |||| 00| 0 por d
040 _aBR-BrBNA
_bpor
_cBiblioteca Nacional de Agricultura
041 _a(Por)
072 _aL53
_b5213
090 _ 5213 BR2012001474
100 1 _aXavier, P.R.
110 1 _aUniversidade Federal de Minas Gerais, Belo Horizonte (Brasil). Escola de Veterinária
_0Tese (Mestre em Ciência Animal)
245 1 _aCaracterísticas morfológicas do corpo lúteo de vacas Nelore (Bos taurus indicus)nos terços inicial, médio e final da gestação
260 3 _aBelo Horizonte, MG (Brasil):
_c2011.
300 _a55 p.
500 _aSummaries (Eng, Por); Bibliography p. 44-50; 6 illus.
650 _aGADO NELORE
650 _aVACA DE CORTE
650 _aCORPO LÚTEO
650 _aMORFOLOGIA ANIMAL
650 _aPRENHEZ
909 _a202309
_bLucia
_c55
_dLucia Elande
942 _cBK
999 _c77105
_d77105